000 01226nam a2200193 a 4500
001 000037485
005 20200930080407.0
008 120420s1978 sp a 000 0 spa d
040 _aDO-SdBNP
_bspa
_cBNPHU
082 _axxxx
_bB562a, 1978
100 1 _aBetancourt, Samuel Romero
_963928
245 1 3 _aLa administración de personal y su aplicación práctica en la empresa moderna /
_cSamuel Romero Betancourt.
250 _a2a ed.
260 _aMéxico :
_bEditorial Continental,
_c1978.
300 _a126 p. :
_bil., diagrs., tablas ;
_c23 cm.
500 _aIncluye datos biográficos del autor en la contracubierta
505 0 _aLa influencia de la administración técnica del personal en la empresa moderna --
_tPosiciones y funciones del departamento de personal --
_tEl análisis de puestos operativos --
_tEl análisis de puestos ejecutivos --
_tLa valuación de puestos: antecedentes y el método de puntos --
_tReclutamiento y selección técnica de personal --
_tAdiestramiento y capacitación de trabajadores --
_tPlaneación de un programa de capacitacién para ejecutivos --
_tCalificación de méritos --
_tLas relaciones humanas en la empresa --
_tLa motivación de los ejecutivos.
590 _aInventariado, 2019 /LP
999 _c36975
_d36975